000
00327nam a2200133Ia 4500
008
260604s9999 xx 000 0 und d
020
_a
9781439839485
082
_a
332 LAI
100
_a
LAI TZE LEUNG
_9
35170
245
0
_a
DATA SCIENCE AND RISK ANALYTICS IN FINANCE AND INS
260
_b
ROU
500
_a
Finance
942
_c
BK
999
_c
7930
_d
7930